000 00944nam a22002417a 4500
999 _c18055
_d18055
003 AR-CdUCM
008 190511b ||||| |||| 00| 0 spa d
020 _a84-368-0054-0
040 _aMUNICIPALIDAD PROVINCIAL DEL CUSCO
_cBIBLIOTECA MUNICIPAL DEL CUSCO
082 _a070.44 /
_bN94
100 _aNúñez Ladevéze, L.
_938410
245 _aLenguaje y comunicación :
_bpara una teoría de la redacción periodística /
260 _aMadrid :
_bEdiciones Pirámide,
_c1977.
300 _a165 páginas ;
_c24 cm.
505 _aContenido: Situación de comunicación y redacción periodística -- Complementaridad de las nociones de "lengua" y "competencia" -- El lenguaje como función.
650 _aLenguaje y lenguas
_912915
650 _aPeriodismo
_91929
650 _aRedacción
_91126
650 _aComunicación
_94985
700 _aAranguren, José Luis L. (prólogo)
_938411
942 _2ddc
_cLIBROS
945 _aachl
_d2019-05-11